The Role of Project Planning & Management in the Airport Construction Project / (Record no. 527477)

000 -LEADER
fixed length control field 00514nam a22001577a 4500
020 ## - INTERNATIONAL STANDARD BOOK NUMBER
Qualifying information HBK.
082 ## - DEWEY DECIMAL CLASSIFICATION NUMBER
Classification number 658.4
100 ## - MAIN ENTRY--PERSONAL NAME
Personal name Gardezi, Syed Irfan Haider
245 ## - TITLE STATEMENT
Title The Role of Project Planning & Management in the Airport Construction Project /
Statement of responsibility, etc. Syed Irfan Haider Gerdezi.
260 ## - PUBLICATION, DISTRIBUTION, ETC.
Place of publication, distribution, etc. Islamabad:
Name of publisher, distributor, etc. NBS - NUST,
Date of publication, distribution, etc. 2015.
300 ## - PHYSICAL DESCRIPTION
Extent 33 p. : ill. ;
Dimensions 30cm.
942 ## - ADDED ENTRY ELEMENTS (KOHA)
Source of classification or shelving scheme
Koha item type Thesis
650 ## - SUBJECT ADDED ENTRY--TOPICAL TERM
Topical term or geographic name entry element EMBA Thesis.
700 ## - ADDED ENTRY--PERSONAL NAME
Personal name Mr. Majid Matloob
650 ## - SUBJECT ADDED ENTRY--TOPICAL TERM
-- 17645
700 ## - ADDED ENTRY--PERSONAL NAME
-- 18765
Holdings
Withdrawn status Lost status Source of classification or shelving scheme Damaged status Not for loan Permanent Location Current Location Shelving location Date acquired Full call number Barcode Date last seen Price effective from Non-public note Koha item type
          Central Library (CL) Central Library (CL) Thesis 07/28/2019 658.4 CL-T-2832 08/02/2019 07/28/2019 Minute Sheet No. 0929/02/CL/Survey/5 dated 23rd April 2024 E-MIN ID 114741 Thesis
© 2023 Central Library, National University of Sciences and Technology. All Rights Reserved.